Estío

Saved in:
Bibliografiske detaljer
Hovedforfatter: Wharton, Edith (Author)
Format: Bog
Sprog:spansk
Udgivet: Barcelona Grijalbo Mondadori 1995
Udgivelse:1a. ed
Serier:Libro de Mano, 13
Fag:
Tags: Tilføj Tag
Ingen Tags, Vær først til at tagge denne postø!

MARC

LEADER 00000nam a2200000 a 4500
001 UCG4279
003 CL-VaPUC
008 101021e19950500SP |||||||||||||||||spa|d
020 |a 8425327245 
082 0 4 |a 813  |b WHA  |2 21 
100 0 |a Wharton, Edith  |e author  |9 545152 
245 1 0 |a Estío 
250 |a 1a. ed 
300 |a 236 p 
942 |c BK 
945 |d 20101021 00:00:00  |a mfarfan 
260 |a Barcelona  |b Grijalbo Mondadori  |c 1995 
650 0 |a Literatura estadounidense  |9 317168 
650 0 |a Novelas estadounidenses  |9 265217 
650 7 |a ESCRITORES ESTADOUNIDENSES  |2 CL-VaPUC  |9 449760 
583 |a last modification  |c 20101021 00:00:00  |k Rodrigo Vera 
490 0 |a Libro de Mano, 13 
999 |c 343100  |d 343098 
952 |0 0  |1 0  |4 0  |6 813_000000000000000_WHA_1995  |7 0  |8 A  |9 440082  |a BIBEDU  |b BIBEDU  |d 2019-11-22  |i 4728149  |o 813 WHA 1995  |p 4728149  |r 2019-11-22  |w 2019-11-22  |y BK  |k LIT